Zameer Zinda Syed Zameer Jafri / (Record no. 531627)
[ view plain ]
| 000 -LEADER | |
|---|---|
| fixed length control field | 00406nam a22001577a 4500 |
| 003 - CONTROL NUMBER IDENTIFIER | |
| control field | NUST |
| 038 ## - RECORD CONTENT LICENSOR | |
| Staff Name | waseem |
| 082 ## - DEWEY DECIMAL CLASSIFICATION NUMBER | |
| Classification number | 891.4391 |
| Author Mark | ABI |
| 100 ## - MAIN ENTRY--PERSONAL NAME | |
| Personal name | Sahyal, Abid |
| 9 (RLIN) | 24520 |
| 245 ## - TITLE STATEMENT | |
| Title | Zameer Zinda Syed Zameer Jafri / |
| Statement of responsibility, etc. | Abid Sahyal |
| 260 ## - PUBLICATION, DISTRIBUTION, ETC. | |
| Place of publication, distribution, etc. | Islamabad : |
| Name of publisher, distributor, etc. | NUML, |
| Date of publication, distribution, etc. | 2011. |
| 300 ## - PHYSICAL DESCRIPTION | |
| Extent | 160 p. ; |
| 880 ## - ALTERNATE GRAPHIC REPRESENTATION | |
| Linkage | 100-01\r |
| Title | عابد سیال |
| 880 ## - ALTERNATE GRAPHIC REPRESENTATION | |
| Linkage | 245-02\r |
| Title | ضمیر زندہ / |
| 942 ## - ADDED ENTRY ELEMENTS (KOHA) | |
| Source of classification or shelving scheme | |
| Koha item type | Book |
| Withdrawn status | Lost status | Source of classification or shelving scheme | Damaged status | Not for loan | Permanent Location | Current Location | Shelving location | Date acquired | Source of acquisition | Total Checkouts | Full call number | Barcode | Date last seen | Price effective from | Koha item type |
|---|---|---|---|---|---|---|---|---|---|---|---|---|---|---|---|
| Central Library (CL) | Central Library (CL) | Urdu Literature | 10/22/2019 | Donation | 891.4391 ABI | SEECSD00711 | 10/22/2019 | 10/22/2019 | Book | ||||||
| Central Library (CL) | Central Library (CL) | Urdu Literature | 10/22/2019 | Donation | 891.4391 ABI | SEECSD00710 | 10/22/2019 | 10/22/2019 | Book | ||||||
| Central Library (CL) | Central Library (CL) | Urdu Literature | 10/22/2019 | Donation | 891.4391 ABI | SEECSD00709 | 10/22/2019 | 10/22/2019 | Book | ||||||
| Central Library (CL) | Central Library (CL) | Urdu Literature | 10/22/2019 | Donation | 891.4391 ABI | SEECSD00708 | 10/22/2019 | 10/22/2019 | Book |
